| 000 | 00554cam a22001457a 4500 | ||
|---|---|---|---|
| 008 | 180718b1948 xxu||||| |||| 00| 0 eng d | ||
| 082 | _aD49 M766e | ||
| 100 | _aMontgomery of Alamein, Viscount | ||
| 245 |
_aEl alamein to the river sangro _cby Field Marshal the Viscount Montgomery of Alamein |
||
| 260 |
_aLondon _bHutchinson _c1948 |
||
| 300 | _axi, 132p | ||
| 650 | _aWorld War, 1939-1945 --Regimental histories --Great Britain --Eighth Army | ||
| 650 | _aWorld War, 1939-1945 --Campaigns --Africa, North | ||
| 650 | _aGreat Britain. Army. Army, Eighth | ||
| 999 |
_c425189 _d425189 |
||